<?xml version="1.0" encoding="UTF-8"?>
<record
    xmlns:xsi="http://www.w3.org/2001/XMLSchema-instance"
    xsi:schemaLocation="http://www.loc.gov/MARC21/slim http://www.loc.gov/standards/marcxml/schema/MARC21slim.xsd"
    xmlns="http://www.loc.gov/MARC21/slim">

  <leader>02627 aa a2200409   4500</leader>
  <datafield tag="999" ind1=" " ind2=" ">
    <subfield code="c">61680</subfield>
    <subfield code="d">61680</subfield>
  </datafield>
  <controlfield tag="005">20221121104018.0</controlfield>
  <controlfield tag="008">090416t        xxu||||| |||| 00| 0 ehind</controlfield>
  <datafield tag="010" ind1=" " ind2=" ">
    <subfield code="a"> </subfield>
  </datafield>
  <datafield tag="020" ind1=" " ind2=" ">
    <subfield code="c">300.00</subfield>
    <subfield code="a">8170003946</subfield>
  </datafield>
  <datafield tag="020" ind1=" " ind2=" ">
    <subfield code="c">300.00</subfield>
    <subfield code="a">8170003962</subfield>
  </datafield>
  <datafield tag="020" ind1=" " ind2=" ">
    <subfield code="c">300.00</subfield>
    <subfield code="a">8170003997</subfield>
  </datafield>
  <datafield tag="020" ind1=" " ind2=" ">
    <subfield code="c">300.00</subfield>
    <subfield code="a">8170004004</subfield>
  </datafield>
  <datafield tag="020" ind1=" " ind2=" ">
    <subfield code="c">300.00</subfield>
    <subfield code="a">8170004020</subfield>
  </datafield>
  <datafield tag="020" ind1=" " ind2=" ">
    <subfield code="c">300.00</subfield>
    <subfield code="a">8170004047</subfield>
  </datafield>
  <datafield tag="020" ind1=" " ind2=" ">
    <subfield code="c">300.00</subfield>
    <subfield code="a">8170004063</subfield>
  </datafield>
  <datafield tag="020" ind1=" " ind2=" ">
    <subfield code="c">300.00</subfield>
    <subfield code="a">817000408X</subfield>
  </datafield>
  <datafield tag="035" ind1=" " ind2=" ">
    <subfield code="a">B-197802,  B-197893, B-197869</subfield>
  </datafield>
  <datafield tag="035" ind1=" " ind2=" ">
    <subfield code="a">B-197814, B-197821,B-197878</subfield>
  </datafield>
  <datafield tag="035" ind1=" " ind2=" ">
    <subfield code="a">B-197826</subfield>
  </datafield>
  <datafield tag="035" ind1=" " ind2=" ">
    <subfield code="a">B-197838</subfield>
  </datafield>
  <datafield tag="035" ind1=" " ind2=" ">
    <subfield code="a">B-197850</subfield>
  </datafield>
  <datafield tag="035" ind1=" " ind2=" ">
    <subfield code="a">B-197862</subfield>
  </datafield>
  <datafield tag="035" ind1=" " ind2=" ">
    <subfield code="a">B-197874</subfield>
  </datafield>
  <datafield tag="035" ind1=" " ind2=" ">
    <subfield code="a">B-197886, B-197882, B-197809</subfield>
  </datafield>
  <datafield tag="037" ind1=" " ind2=" ">
    <subfield code="b">&#x90F;&#x938;.&#x90F;&#x938;.&#x92A;&#x92C;&#x94D;&#x932;&#x93F;&#x915;&#x947;&#x936;&#x928;&#x94D;&#x938;</subfield>
  </datafield>
  <datafield tag="040" ind1=" " ind2=" ">
    <subfield code="a">dpl</subfield>
    <subfield code="b">hn</subfield>
  </datafield>
  <datafield tag="082" ind1=" " ind2=" ">
    <subfield code="a">020</subfield>
  </datafield>
  <datafield tag="100" ind1=" " ind2=" ">
    <subfield code="a">&#x932;&#x93E;&#x932;, &#x938;&#x940;.</subfield>
    <subfield code="9">40390</subfield>
  </datafield>
  <datafield tag="245" ind1=" " ind2=" ">
    <subfield code="a">&#x917;&#x94D;&#x930;&#x928;&#x94D;&#x925;&#x93E;&#x932;&#x92F; &#x90F;&#x935;&#x92E;&#x94D; &#x938;&#x942;&#x91A;&#x928;&#x93E; &#x935;&#x93F;&#x91C;&#x94D;&#x91E;&#x93E;&#x928; (&#x90F;&#x92E;.&#x932;&#x93F;&#x92C;.&#x92A;&#x930;&#x940;&#x915;&#x94D;&#x937;&#x93E;&#x913;&#x902; &#x939;&#x947;&#x924;&#x941; ):</subfield>
    <subfield code="c">&#x938;&#x940;. &#x932;&#x93E;&#x932; &#x90F;&#x935;&#x902; &#x915;&#x947;.&#x915;&#x941;&#x92E;&#x93E;&#x930;</subfield>
    <subfield code="b"> </subfield>
  </datafield>
  <datafield tag="260" ind1=" " ind2=" ">
    <subfield code="a">&#x928;&#x908; &#x926;&#x93F;&#x932;&#x94D;&#x932;&#x940;</subfield>
    <subfield code="b">&#x90F;&#x938;.&#x90F;&#x938;.&#x92A;&#x92C;&#x94D;&#x932;&#x93F;&#x915;&#x947;&#x936;&#x928;&#x94D;&#x938;</subfield>
    <subfield code="c">2004</subfield>
  </datafield>
  <datafield tag="270" ind1=" " ind2=" ">
    <subfield code="a">4837/24, &#x905;&#x902;&#x938;&#x93E;&#x930;&#x940; &#x930;&#x94B;&#x921;, &#x926;&#x930;&#x93F;&#x92F;&#x93E;&#x917;&#x902;&#x91C;</subfield>
    <subfield code="b">&#x928;&#x908; &#x926;&#x93F;&#x932;&#x94D;&#x932;&#x940;</subfield>
    <subfield code="e">110002</subfield>
  </datafield>
  <datafield tag="300" ind1=" " ind2=" ">
    <subfield code="a"> </subfield>
    <subfield code="c">22 &#x938;&#x947;&#x92E;&#x940; (&#x938;&#x91C;&#x93F;&#x932;&#x94D;&#x926;)</subfield>
  </datafield>
  <datafield tag="505" ind1=" " ind2=" ">
    <subfield code="a">&#x92A;&#x94D;&#x930;&#x936;&#x94D;&#x928;-&#x92A;&#x924;&#x94D;&#x930;-1:&#x91C;&#x94D;&#x91E;&#x93E;&#x928;-&#x91C;&#x917;&#x924; &#x90F;&#x935;&#x92E;&#x94D; &#x905;&#x928;&#x941;&#x938;&#x902;&#x927;&#x93E;&#x928; &#x915;&#x940; &#x935;&#x93F;&#x927;&#x93F;&#x92F;&#x93E;&#x901;; &#x92A;&#x94D;&#x930;&#x936;&#x94D;&#x928;-&#x92A;&#x924;&#x94D;&#x930;-11:&#x917;&#x939;&#x928; &#x917;&#x94D;&#x930;&#x928;&#x94D;&#x925;&#x93E;&#x932;&#x92F; &#x935;&#x930;&#x94D;&#x917;&#x940;&#x915;&#x930;&#x923;(&#x938;&#x948;&#x926;&#x94D;&#x927;&#x93E;&#x928;&#x94D;&#x924;&#x93F;&#x915;); &#x92A;&#x94D;&#x930;&#x936;&#x94D;&#x928;-&#x92A;&#x924;&#x94D;&#x930;-111-&#x909;&#x928;&#x94D;&#x928;&#x924;&#x94D; &#x917;&#x94D;&#x930;&#x928;&#x94D;&#x925;&#x93E;&#x932;&#x92F; &#x92A;&#x94D;&#x930;&#x938;&#x942;&#x91A;&#x940;&#x915;&#x930;&#x923;(&#x938;&#x948;&#x926;&#x94D;&#x927;&#x93E;&#x928;&#x94D;&#x924;&#x93F;&#x915;):&#x92A;&#x94D;&#x930;&#x936;&#x94D;&#x928;-&#x92A;&#x924;&#x94D;&#x930;-1V-&#x917;&#x939;&#x928; &#x917;&#x94D;&#x930;&#x928;&#x94D;&#x925;&#x93E;&#x932;&#x92F; &#x935;&#x930;&#x94D;&#x917;&#x940;&#x915;&#x930;&#x923;(&#x92A;&#x94D;&#x930;&#x92F;&#x94B;&#x917;&#x93F;&#x915;):&#x92A;&#x94D;&#x930;&#x936;&#x94D;&#x928;-&#x92A;&#x924;&#x94D;&#x930;-V-&#x909;&#x928;&#x94D;&#x928;&#x924;&#x94D; &#x917;&#x94D;&#x930;&#x928;&#x94D;&#x925;&#x93E;&#x932;&#x92F; &#x92A;&#x94D;&#x930;&#x938;&#x942;&#x91A;&#x940;&#x915;&#x930;&#x923; (&#x92A;&#x94D;&#x930;&#x92F;&#x94B;&#x917;&#x93F;&#x915;):&#x92A;&#x94D;&#x930;&#x936;&#x94D;&#x928;-&#x92A;&#x924;&#x94D;&#x930;-V1-&#x938;&#x942;&#x91A;&#x928;&#x93E; &#x938;&#x94D;&#x924;&#x94D;&#x930;&#x94B;&#x924; &#x90F;&#x935;&#x92E;&#x94D; &#x938;&#x947;&#x935;&#x93E;&#x90F;&#x901;:&#x92A;&#x94D;&#x930;&#x936;&#x94D;&#x928;-&#x92A;&#x924;&#x94D;&#x930;-V11-&#x938;&#x942;&#x91A;&#x928;&#x93E; &#x92A;&#x94D;&#x930;&#x94B;&#x926;&#x94D;&#x92F;&#x94B;&#x917;&#x93F;&#x915;&#x940;;&#x92A;&#x94D;&#x930;&#x936;&#x94D;&#x928;-&#x92A;&#x924;&#x94D;&#x930;-V111- &#x936;&#x948;&#x915;&#x94D;&#x937;&#x923;&#x93F;&#x915; &#x917;&#x94D;&#x930;&#x928;&#x94D;&#x925;&#x93E;&#x932;&#x92F; </subfield>
  </datafield>
  <datafield tag="700" ind1=" " ind2=" ">
    <subfield code="a">&#x915;&#x941;&#x92E;&#x93E;&#x930;, &#x915;&#x947;.</subfield>
    <subfield code="9">40391</subfield>
  </datafield>
  <datafield tag="942" ind1=" " ind2=" ">
    <subfield code="a">dpl</subfield>
    <subfield code="c">HN</subfield>
    <subfield code="k"> /&#x932;&#x93E;&#x932;&#x938;&#x940;</subfield>
    <subfield code="2">ddc</subfield>
    <subfield code="h">020</subfield>
    <subfield code="m">&#x932;&#x93E;&#x932;&#x938;&#x940;</subfield>
  </datafield>
  <datafield tag="952" ind1=" " ind2=" ">
    <subfield code="0">0</subfield>
    <subfield code="1">0</subfield>
    <subfield code="2">ddc</subfield>
    <subfield code="3">&#x92A;&#x94D;&#x930;&#x936;&#x94D;&#x928;-&#x92A;&#x924;&#x94D;</subfield>
    <subfield code="4">0</subfield>
    <subfield code="7">0</subfield>
    <subfield code="8">NFIC</subfield>
    <subfield code="a">ZLS</subfield>
    <subfield code="b">ZLS</subfield>
    <subfield code="d">2012-01-31</subfield>
    <subfield code="g">300.00</subfield>
    <subfield code="l">0</subfield>
    <subfield code="o">020 &#x932;&#x93E;&#x932;&#x938;&#x940;</subfield>
    <subfield code="p">B-197802</subfield>
    <subfield code="r">2012-01-31 00:00:00</subfield>
    <subfield code="v">300.00</subfield>
    <subfield code="y">HN</subfield>
  </datafield>
  <datafield tag="952" ind1=" " ind2=" ">
    <subfield code="0">0</subfield>
    <subfield code="1">0</subfield>
    <subfield code="2">ddc</subfield>
    <subfield code="3">&#x92A;&#x94D;&#x930;&#x936;&#x94D;&#x928;-&#x92A;&#x924;&#x94D;</subfield>
    <subfield code="4">0</subfield>
    <subfield code="7">0</subfield>
    <subfield code="8">NFIC</subfield>
    <subfield code="a">ZLS</subfield>
    <subfield code="b">ZLS</subfield>
    <subfield code="d">2012-01-31</subfield>
    <subfield code="g">300.00</subfield>
    <subfield code="l">0</subfield>
    <subfield code="o">020 &#x932;&#x93E;&#x932;&#x938;&#x940;</subfield>
    <subfield code="p">B-197814</subfield>
    <subfield code="r">2012-01-31 00:00:00</subfield>
    <subfield code="v">300.00</subfield>
    <subfield code="y">HN</subfield>
  </datafield>
  <datafield tag="952" ind1=" " ind2=" ">
    <subfield code="0">0</subfield>
    <subfield code="1">0</subfield>
    <subfield code="2">ddc</subfield>
    <subfield code="3">&#x92A;&#x94D;&#x930;&#x936;&#x94D;&#x928;-&#x92A;&#x924;&#x94D;</subfield>
    <subfield code="4">0</subfield>
    <subfield code="7">0</subfield>
    <subfield code="8">NFIC</subfield>
    <subfield code="a">ZLS</subfield>
    <subfield code="b">ZLS</subfield>
    <subfield code="d">2012-01-31</subfield>
    <subfield code="g">300.00</subfield>
    <subfield code="l">0</subfield>
    <subfield code="o">020 &#x932;&#x93E;&#x932;&#x938;&#x940;</subfield>
    <subfield code="p">B-197826</subfield>
    <subfield code="r">2012-01-31 00:00:00</subfield>
    <subfield code="v">300.00</subfield>
    <subfield code="y">HN</subfield>
  </datafield>
  <datafield tag="952" ind1=" " ind2=" ">
    <subfield code="0">0</subfield>
    <subfield code="1">0</subfield>
    <subfield code="2">ddc</subfield>
    <subfield code="3">&#x92A;&#x94D;&#x930;&#x936;&#x94D;&#x928;-&#x92A;&#x924;&#x94D;</subfield>
    <subfield code="4">0</subfield>
    <subfield code="7">0</subfield>
    <subfield code="8">NFIC</subfield>
    <subfield code="a">ZLS</subfield>
    <subfield code="b">ZLS</subfield>
    <subfield code="d">2012-01-31</subfield>
    <subfield code="g">300.00</subfield>
    <subfield code="l">0</subfield>
    <subfield code="o">020 &#x932;&#x93E;&#x932;&#x938;&#x940;</subfield>
    <subfield code="p">B-197838</subfield>
    <subfield code="r">2012-01-31 00:00:00</subfield>
    <subfield code="v">300.00</subfield>
    <subfield code="w">2012-01-31</subfield>
    <subfield code="y">HN</subfield>
  </datafield>
  <datafield tag="952" ind1=" " ind2=" ">
    <subfield code="0">0</subfield>
    <subfield code="1">0</subfield>
    <subfield code="2">ddc</subfield>
    <subfield code="3">&#x92A;&#x94D;&#x930;&#x936;&#x94D;&#x928;-&#x92A;&#x924;&#x94D;</subfield>
    <subfield code="4">0</subfield>
    <subfield code="7">0</subfield>
    <subfield code="8">NFIC</subfield>
    <subfield code="a">ZLS</subfield>
    <subfield code="b">ZLS</subfield>
    <subfield code="d">2012-01-31</subfield>
    <subfield code="g">300.00</subfield>
    <subfield code="l">1</subfield>
    <subfield code="o">020 &#x932;&#x93E;&#x932;&#x938;&#x940;</subfield>
    <subfield code="p">B-197850</subfield>
    <subfield code="r">2022-12-26 00:00:00</subfield>
    <subfield code="s">2022-12-23</subfield>
    <subfield code="v">300.00</subfield>
    <subfield code="w">2012-01-31</subfield>
    <subfield code="y">HN</subfield>
  </datafield>
  <datafield tag="952" ind1=" " ind2=" ">
    <subfield code="0">0</subfield>
    <subfield code="1">0</subfield>
    <subfield code="2">ddc</subfield>
    <subfield code="3">&#x92A;&#x94D;&#x930;&#x936;&#x94D;&#x928;-&#x92A;&#x924;&#x94D;</subfield>
    <subfield code="4">0</subfield>
    <subfield code="7">0</subfield>
    <subfield code="8">NFIC</subfield>
    <subfield code="a">ZLS</subfield>
    <subfield code="b">ZLS</subfield>
    <subfield code="d">2012-01-31</subfield>
    <subfield code="g">300.00</subfield>
    <subfield code="l">0</subfield>
    <subfield code="o">020 &#x932;&#x93E;&#x932;&#x938;&#x940;</subfield>
    <subfield code="p">B-197862</subfield>
    <subfield code="r">2012-01-31 00:00:00</subfield>
    <subfield code="v">300.00</subfield>
    <subfield code="w">2012-01-31</subfield>
    <subfield code="y">HN</subfield>
  </datafield>
  <datafield tag="952" ind1=" " ind2=" ">
    <subfield code="0">0</subfield>
    <subfield code="1">0</subfield>
    <subfield code="2">ddc</subfield>
    <subfield code="3">&#x92A;&#x94D;&#x930;&#x936;&#x94D;&#x928;-&#x92A;&#x924;&#x94D;</subfield>
    <subfield code="4">0</subfield>
    <subfield code="7">0</subfield>
    <subfield code="8">NFIC</subfield>
    <subfield code="a">ZLS</subfield>
    <subfield code="b">ZLS</subfield>
    <subfield code="d">2012-01-31</subfield>
    <subfield code="g">300.00</subfield>
    <subfield code="l">0</subfield>
    <subfield code="o">020 &#x932;&#x93E;&#x932;&#x938;&#x940;</subfield>
    <subfield code="p">B-197874</subfield>
    <subfield code="r">2012-01-31 00:00:00</subfield>
    <subfield code="v">300.00</subfield>
    <subfield code="y">HN</subfield>
  </datafield>
  <datafield tag="952" ind1=" " ind2=" ">
    <subfield code="0">0</subfield>
    <subfield code="1">0</subfield>
    <subfield code="2">ddc</subfield>
    <subfield code="3">&#x92A;&#x94D;&#x930;&#x936;&#x94D;&#x928;-&#x92A;&#x924;&#x94D;</subfield>
    <subfield code="4">0</subfield>
    <subfield code="7">0</subfield>
    <subfield code="8">NFIC</subfield>
    <subfield code="a">ZLS</subfield>
    <subfield code="b">ZLS</subfield>
    <subfield code="d">2012-01-31</subfield>
    <subfield code="g">300.00</subfield>
    <subfield code="l">0</subfield>
    <subfield code="o">020 &#x932;&#x93E;&#x932;&#x938;&#x940;</subfield>
    <subfield code="p">B-197886</subfield>
    <subfield code="r">2012-01-31 00:00:00</subfield>
    <subfield code="v">300.00</subfield>
    <subfield code="w">2012-01-31</subfield>
    <subfield code="y">HN</subfield>
  </datafield>
  <datafield tag="952" ind1=" " ind2=" ">
    <subfield code="0">0</subfield>
    <subfield code="1">0</subfield>
    <subfield code="2">ddc</subfield>
    <subfield code="4">0</subfield>
    <subfield code="7">0</subfield>
    <subfield code="8">NFIC</subfield>
    <subfield code="a">BL4</subfield>
    <subfield code="b">BL4</subfield>
    <subfield code="d">2018-12-24</subfield>
    <subfield code="e">Shadara Branch</subfield>
    <subfield code="g">300.00</subfield>
    <subfield code="l">7</subfield>
    <subfield code="m">7</subfield>
    <subfield code="o">020 &#x932;&#x93E;&#x932;&#x938;&#x940;</subfield>
    <subfield code="p">B-197893</subfield>
    <subfield code="r">2022-03-31 00:00:00</subfield>
    <subfield code="s">2022-03-22</subfield>
    <subfield code="v">0.00</subfield>
    <subfield code="y">HN</subfield>
  </datafield>
  <datafield tag="952" ind1=" " ind2=" ">
    <subfield code="0">0</subfield>
    <subfield code="1">0</subfield>
    <subfield code="2">ddc</subfield>
    <subfield code="4">0</subfield>
    <subfield code="7">0</subfield>
    <subfield code="8">NFIC</subfield>
    <subfield code="a">BL4</subfield>
    <subfield code="b">BL4</subfield>
    <subfield code="d">2019-01-17</subfield>
    <subfield code="e">BPPD/PUB</subfield>
    <subfield code="l">3</subfield>
    <subfield code="m">1</subfield>
    <subfield code="o">020 &#x932;&#x93E;&#x932;&#x938;&#x940;</subfield>
    <subfield code="p">B-197833</subfield>
    <subfield code="r">2020-03-02 00:00:00</subfield>
    <subfield code="s">2020-01-29</subfield>
    <subfield code="w">2019-01-17</subfield>
    <subfield code="y">HN</subfield>
  </datafield>
  <datafield tag="952" ind1=" " ind2=" ">
    <subfield code="0">0</subfield>
    <subfield code="1">0</subfield>
    <subfield code="2">ddc</subfield>
    <subfield code="4">0</subfield>
    <subfield code="7">0</subfield>
    <subfield code="8">NFIC</subfield>
    <subfield code="a">BL4</subfield>
    <subfield code="b">BL4</subfield>
    <subfield code="d">2019-01-29</subfield>
    <subfield code="e">BPPD/PUB</subfield>
    <subfield code="g">300.00</subfield>
    <subfield code="l">1</subfield>
    <subfield code="o">020 &#x932;&#x93E;&#x932;&#x938;&#x940;</subfield>
    <subfield code="p">B-197821</subfield>
    <subfield code="r">2019-02-12 00:00:00</subfield>
    <subfield code="s">2019-01-29</subfield>
    <subfield code="v">300.00</subfield>
    <subfield code="w">2019-01-29</subfield>
    <subfield code="y">HN</subfield>
  </datafield>
  <datafield tag="952" ind1=" " ind2=" ">
    <subfield code="0">0</subfield>
    <subfield code="1">0</subfield>
    <subfield code="2">ddc</subfield>
    <subfield code="4">0</subfield>
    <subfield code="7">0</subfield>
    <subfield code="8">NFIC</subfield>
    <subfield code="a">BL4</subfield>
    <subfield code="b">BL4</subfield>
    <subfield code="d">2019-02-12</subfield>
    <subfield code="e">BPPD/PUB</subfield>
    <subfield code="g">300.00</subfield>
    <subfield code="l">4</subfield>
    <subfield code="m">3</subfield>
    <subfield code="o">020 &#x932;&#x93E;&#x932;&#x938;&#x940;</subfield>
    <subfield code="p">B-197869</subfield>
    <subfield code="r">2020-03-02 00:00:00</subfield>
    <subfield code="s">2020-01-20</subfield>
    <subfield code="v">300.00</subfield>
    <subfield code="w">2019-02-12</subfield>
    <subfield code="y">HN</subfield>
  </datafield>
  <datafield tag="952" ind1=" " ind2=" ">
    <subfield code="0">0</subfield>
    <subfield code="1">0</subfield>
    <subfield code="2">ddc</subfield>
    <subfield code="4">0</subfield>
    <subfield code="7">0</subfield>
    <subfield code="8">NFIC</subfield>
    <subfield code="a">BL4</subfield>
    <subfield code="b">BL4</subfield>
    <subfield code="d">2019-04-03</subfield>
    <subfield code="e">BPPD/PUB</subfield>
    <subfield code="g">300.00</subfield>
    <subfield code="l">0</subfield>
    <subfield code="o">020 &#x932;&#x93E;&#x932;&#x938;&#x940;</subfield>
    <subfield code="p">B-197809</subfield>
    <subfield code="r">2019-04-03 00:00:00</subfield>
    <subfield code="v">300.00</subfield>
    <subfield code="w">2019-04-03</subfield>
    <subfield code="y">HN</subfield>
  </datafield>
  <datafield tag="952" ind1=" " ind2=" ">
    <subfield code="0">0</subfield>
    <subfield code="1">0</subfield>
    <subfield code="2">ddc</subfield>
    <subfield code="4">0</subfield>
    <subfield code="7">0</subfield>
    <subfield code="8">NFIC</subfield>
    <subfield code="a">BN</subfield>
    <subfield code="b">BN</subfield>
    <subfield code="d">2022-11-21</subfield>
    <subfield code="e">BPPD</subfield>
    <subfield code="g">300.00</subfield>
    <subfield code="l">0</subfield>
    <subfield code="o">020 &#x932;&#x93E;&#x932;&#x938;&#x940;</subfield>
    <subfield code="r">2022-11-21 00:00:00</subfield>
    <subfield code="v">30000.00</subfield>
    <subfield code="w">2022-11-21</subfield>
    <subfield code="y">HN</subfield>
  </datafield>
</record>
